One stop Doc Endocrine and reproductive systems (Record no. 2638)

MARC details
000 -LEADER
fixed length control field 00569nam a22002057a 4500
003 - CONTROL NUMBER IDENTIFIER
control field OSt
005 - DATE AND TIME OF LATEST TRANSACTION
control field 20151120150519.0
008 - FIXED-LENGTH DATA ELEMENTS--GENERAL INFORMATION
fixed length control field 151120b xxu||||| |||| 00| 0 eng d
020 ## - INTERNATIONAL STANDARD BOOK NUMBER
International Standard Book Number 0340885068
040 ## - CATALOGING SOURCE
Transcribing agency DNLM
082 ## - DEWEY DECIMAL CLASSIFICATION NUMBER
Classification number WK100 J541o 2005
100 ## - MAIN ENTRY--PERSONAL NAME
Personal name Jewels, Caroline; Tillet, Alexandra
9 (RLIN) 6246
245 ## - TITLE STATEMENT
Title One stop Doc Endocrine and reproductive systems
260 ## - PUBLICATION, DISTRIBUTION, ETC. (IMPRINT)
Place of publication, distribution, etc. London;
Name of publisher, distributor, etc. Arnold,
Date of publication, distribution, etc. 2005
300 ## - PHYSICAL DESCRIPTION
Extent viii,120p; col.ill: 24.5cm
504 ## - BIBLIOGRAPHY, ETC. NOTE
Bibliography, etc index included
650 ## - SUBJECT ADDED ENTRY--TOPICAL TERM
Topical term or geographic name as entry element Endocrine system
9 (RLIN) 6247
650 ## - SUBJECT ADDED ENTRY--TOPICAL TERM
Topical term or geographic name as entry element Endocrinology
9 (RLIN) 2229
942 ## - ADDED ENTRY ELEMENTS (KOHA)
Source of classification or shelving scheme Other/Generic Classification Scheme
Koha item type Open Shelf
Holdings
Withdrawn status Lost status Source of classification or shelving scheme Damaged status Not for loan Home library Current library Date acquired Source of acquisition Inventory number Total Checkouts Full call number Barcode Date last seen Koha item type
    Other/Generic Classification Scheme     MUST Main Library MUST Main Library 20/11/2015   14/38476   WK100 J541o 2005 2015-2704 20/11/2015 Open Shelf